Statistics for Ken's General Knowledge Quiz #225

Click here to take the quiz!

General Stats

  • This quiz has been taken 20 times
  • The average score is 4 of 20

Answer Stats

HintAnswer% Correct
How many Oscars for best director did Alfred Hitchcock win?0
67%
In which city was the Guggenheim Museum opened in October 1997?Bilbao
44%
In which country was English international footballer John Barnes born?Jamaica
44%
Dushanbe is the capital and largest city of what former Soviet state?Tajikistan
33%
What is the anatomical name for the big toe?Hallux
28%
What country has the highest life expectancy?Monaco
28%
Which is the only halogen to be liquid at room temperature?Bromine
17%
Name one of the four towns referred to as "The Medway Towns"?Chatham Gillingham Rochester Strood
17%
Who did Jimmy Connors defeat to win both Wimbledon and the US Open in 1974?Ken Rosewall
17%
In the Australian dish of Carpetbag Steak, what is the steak stuffed with?Oysters
17%
In which year was family allowance first introduced in the UK?1945
11%
In which English town was John Bunyan jailed for 11 years in 1661?Bedford
11%
Which famous novel features the court case "Jarndyce vs Jarndyce"?Bleak House
11%
What was the real name of TV's fitness guru "Mister Motivator"?Derrick Evans
11%
Which of Shakespeare's plays was set in Vienna?Measure for Measure
11%
In which decade did the first running of the Cheltenham Gold Cup take place?1920's
6%
The Australians call it a Billabong, by what name do the British know this geographical feature?An oxbow lake
6%
Released in 1986 which Beastie Boys album became the first Rap or Hip-Hop record to top the US charts?License to Ill
6%
In the book by Edith Nesbit, name one of the first names of "The Railway Children"?Peter Phylis Roberta
6%
What does the medical condition Bradycardia mean?Slow heart beat
6%

Score Distribution

Percentile by Number Answered

Percent of People with Each Score

Your Score History

You have not taken this quiz